00357nam a2200133Ia 4500008004100000020001500041041001200056082002000068100001700088245004700105260002700152300001200179650003200191231217s9999 xx 000 0 und d a8187495251 aEnglish a658.4 VID;1 R aVidya, C ed. 0aCorporate governance : policy perspectives c2007bIcfaiaHyderabad avi, 250 aCorporate,governance,policy